| 000 | 00400nam a22001697a 4500 | ||
|---|---|---|---|
| 003 | SGT | ||
| 020 | _a9788131257142 | ||
| 082 |
_a617.96 _bH20M |
||
| 100 | _aMalamed, Stanley F. | ||
| 245 | _aHandbook of Local Anesthesia | ||
| 250 | _a7th S.A. | ||
| 260 |
_aIndia _bElsevier _c2023 |
||
| 300 | _a445 | ||
| 650 | _aOral and Maxillofacial Surgery | ||
| 653 | _aAnesthesia | ||
| 942 |
_2ddc _cBK _027 |
||
| 999 |
_c28996 _d28996 |
||